Resolving environmental disputes (Record no. 104265)
[ view plain ]
| 000 -LEADER | |
|---|---|
| fixed length control field | 01153cam a2200193 4500 |
| 001 - CONTROL NUMBER | |
| control field | L129705 |
| 008 - FIXED-LENGTH DATA ELEMENTS--GENERAL INFORMATION | |
| fixed length control field | 050513n2005 000 0 eng u |
| 020 ## - INTERNATIONAL STANDARD BOOK NUMBER | |
| International Standard Book Number | 1844070131 |
| 035 ## - SYSTEM CONTROL NUMBER | |
| System control number | (Sirsi) u129705 |
| 050 ## - LIBRARY OF CONGRESS CALL NUMBER | |
| Classification number | 347.4107 |
| -- | 18 |
| 100 ## - MAIN ENTRY--PERSONAL NAME | |
| Personal name | Sidaway, Roger |
| 245 ## - TITLE STATEMENT | |
| Title | Resolving environmental disputes |
| Remainder of title | from conflict to consensus |
| 260 ## - PUBLICATION, DISTRIBUTION, ETC. | |
| Place of publication, distribution, etc. | London |
| Name of publisher, distributor, etc. | Earthscan Publications Ltd |
| Date of publication, distribution, etc. | 2005 |
| 300 ## - PHYSICAL DESCRIPTION | |
| Extent | xxi, 297p. |
| Dimensions | 24cm. |
| 350 ## - PRICE (NR) (BK AM CF MU VM SE) [OBSOLETE] | |
| Price | 22.95 |
| 520 ## - SUMMARY, ETC. | |
| Summary, etc. | Discusses both theory and practice in assessing the relationship between public participation and mediation in resolving environmental disputes. Explains and interprets the issues involved, using case studies from Britain, USA and the Netherlands to present key themes in resource management and environmental protections. Themes covered include access to the countryside for recreation, sustainable forestry, pollution and health risks and coastal zone management. Examines how and why conflicts occur and whether approaches to conflict resolution based on consensus building could be more widely applied. |
| 690 ## - LOCAL SUBJECT ADDED ENTRY--TOPICAL TERM (OCLC, RLIN) | |
| Topical term or geographic name as entry element | MANAGEMENT-DISPUTE AVOIDANCE, MANAGEMENT AND RESOLUTION |
| 942 ## - ADDED ENTRY ELEMENTS (KOHA) | |
| Suppress in OPAC | 0 |
| Withdrawn status | Lost status | Source of classification or shelving scheme | Damaged status | Not for loan | Home library | Current library | Shelving location | Date acquired | Cost, normal purchase price | Total Checkouts | Full call number | Barcode | Date last seen | Date last checked out | Copy number | Cost, replacement price | Price effective from | Koha item type |
|---|---|---|---|---|---|---|---|---|---|---|---|---|---|---|---|---|---|---|
| Dewey Decimal Classification | London | London | Books | 14/06/2005 | 19.51 | 3 | 347.4107 SID | 30067467 | 06/08/2019 | 07/10/2008 | 1 | 19.51 | 06/08/2019 | Book |